A TEXT BOOK OF PHARMACOTHERAPEUTICS (Record no. 67990)
[ view plain ]
| 000 -LEADER | |
|---|---|
| fixed length control field | 00410nam a22001577a 4500 |
| 003 - CONTROL NUMBER IDENTIFIER | |
| control field | OSt |
| 005 - DATE AND TIME OF LATEST TRANSACTION | |
| control field | 20260427110954.0 |
| 008 - FIXED-LENGTH DATA ELEMENTS--GENERAL INFORMATION | |
| fixed length control field | 260427b |||||||| |||| 00| 0 eng d |
| 022 ## - INTERNATIONAL STANDARD SERIAL NUMBER | |
| Source | 9788196850029 |
| 040 ## - CATALOGING SOURCE | |
| Transcribing agency | IIMT COLLEGE OF PHARMACY GREATER NOIDA |
| 100 ## - MAIN ENTRY--PERSONAL NAME | |
| Personal name | SAMAL, PRADEEP KUMAR |
| 245 ## - TITLE STATEMENT | |
| Title | A TEXT BOOK OF PHARMACOTHERAPEUTICS |
| 260 ## - PUBLICATION, DISTRIBUTION, ETC. | |
| Place of publication, distribution, etc. | BILASPUR |
| Name of publisher, distributor, etc. | GPAT |
| Date of publication, distribution, etc. | 2025 |
| 300 ## - PHYSICAL DESCRIPTION | |
| Extent | 172 |
| 942 ## - ADDED ENTRY ELEMENTS (KOHA) | |
| Source of classification or shelving scheme | |
| Koha item type | Reference Book |
| Withdrawn status | Lost status | Source of classification or shelving scheme | Damaged status | Not for loan | Home library | Current library | Date acquired | Cost, normal purchase price | Inventory number | Total Checkouts | Barcode | Date last seen | Price effective from | Koha item type |
|---|---|---|---|---|---|---|---|---|---|---|---|---|---|---|
| NOIDA IIMT COLLEGE OF D-PHARMA | NOIDA IIMT COLLEGE OF D-PHARMA | 04/27/2026 | 310.00 | GD/IN/399 13/03/2026 | 26-B-2061 | 04/27/2026 | 04/27/2026 | Reference Book |

